000 00510nam a22001817a 4500
005 20251108175504.0
008 250721s2016 xx 000 0 ara d
082 1 4 _a811.962/قنا
100 1 _aقناوي، حمزة
245 1 0 _aلا شئ يوجعني /
264 1 _aالشارقة :
_bدائرة الثقافة و الاعلام،
_c2016.
300 _a128ص.
650 1 7 _aالشعر العربي
650 1 7 _aالعصر الحديث
650 1 7 _aمصر
942 _2ddc
_cBK
999 _c135310
_d135310